Appliance Match-Up Quiz Stats

 Plays Quiz not verified by Sporcle

Challenge
Share
Tweet
Embed
Score 0/12 Timer 02:00
0 Plays Today
% Correct
Blender
93.7%
Dishwasher
89.9%
Espresso Maker
88.6%
Microwave
87.3%
Ice Maker
87.3%
Vacuum
83.5%
Humidifier
82.3%
Toaster
81%
Fridge
78.5%
Air Conditioner
60.8%
Freezer
54.4%
Space Heater
44.3%

You're not logged in!

Compare scores with friends on all Sporcle quizzes.
OR
Log In

You Might Also Like...

Show Comments

Extras

Top Quizzes Today


Score Distribution

Your Account Isn't Verified!

In order to create a playlist on Sporcle, you need to verify the email address you used during registration. Go to your Sporcle Settings to finish the process.

Report this User

Report this user for behavior that violates our Community Guidelines.

Details: